Elementi di critica omosessuale

محفوظ في:
التفاصيل البيبلوغرافية
المؤلف الرئيسي: Mieli Mario
التنسيق: كتاب
اللغة:لغة غير معروفة
منشور في: Torino Einaudi 1977
الوسوم: إضافة وسم
لا توجد وسوم, كن أول من يضع وسما على هذه التسجيلة!

MARC

LEADER 00000nam a2200000Ia 4500
001 9
003 NUMERAZIONE-ORIGINALE-BRESCIA
005 20260206230746.0
008 260206s9999 xx 000 0 und d
100 |a Mieli Mario 
245 0 |a Elementi di critica omosessuale 
260 |a Torino 
260 |b Einaudi 
260 |c 1977 
942 |2 ddc  |c BK  |n 0 
952 |0 0  |1 0  |2 ddc  |4 0  |6 31  |7 0  |9 28184  |a BS  |b BS  |d 2026-02-06  |i 9-2  |l 0  |o 3-1-*  |r 2026-02-06 22:40:30  |w 2026-02-06  |x [REVISIONARE]  |y BK 
952 |0 0  |1 0  |2 ddc  |4 0  |6 31  |7 0  |9 28185  |a BS  |b BS  |d 2026-02-06  |i 9-1  |l 0  |o 3-1-*  |r 2026-02-06 22:40:30  |w 2026-02-06  |x [REVISIONARE]  |y BK 
999 |c 23891  |d 23891